India.

Bibliographic Details
Main Author: Zinkin, Taya
Format: Book
Language:English
Published: New York : Walker, [1966]
Series:New nations and peoples.
Subjects:

MARC

Tag First Indicator Second Indicator Subfields
LEADER 00000cam a2200000 4500
001 in00000282978
005 20151010090928.0
008 770621c19661965nyuabc b 00000 eng d
010 |a  65022143  
035 |a (OCoLC)03059091 
035 |9 ABG4987AM 
040 |a DLC  |c TJC  |d TXA  |d UtOrBLW 
049 |a TXAM  |c 1 [908987]  |c 2 [908988] 
050 0 0 |a DS407  |b .Z5 1966 
082 0 |a 954 
100 1 |a Zinkin, Taya. 
245 1 0 |a India. 
264 1 |a New York :  |b Walker,  |c [1966] 
264 4 |c [©1965] 
300 |a 236 pages :  |b illustrations, maps, portraits ;  |c 22 cm. 
336 |a text  |b txt  |2 rdacontent 
337 |a unmediated  |b n  |2 rdamedia 
338 |a volume  |b nc  |2 rdacarrier 
490 1 |a New nations and peoples 
504 |a Bibliography: pages 218-219. 
651 0 |a India. 
830 0 |a New nations and peoples. 
999 |a MARS 
999 f f |s 294d280c-f932-39e7-9df1-7d5ce3c9e894  |i 6184acd6-cf51-348f-87f7-91962904e0b7  |t 0 
952 f f |p ric  |a Texas A&M University  |b Rellis Campus  |c Joint Library Facility  |s JLF  |d Remote Storage  |t 0  |e DS407 .Z5 1966  |h Library of Congress classification  |i unmediated -- volume  |m A14802043912 
998 f f |a DS407 .Z5 1966  |t 0  |l Remote Storage